000
00303cam a2200121ua 4500
082
_a
824
_b
QUI/OX
100
_a
Quiller-couch, Arthur .
_9
1966
245
_a
Oxford Book of English Prose /
250
_a
1 /
260
_a
London :
_b
Oxford University Press ,
_c
1958.
300
_a
1092 ; .
942
_c
BK
999
_c
11843
_d
11843